000 00792cab a2200241 4500
001 WB3032-19
008 090401t1994 xxu||||| |||| 00| 0 eng d
035 _a(Sirsi) u36679
041 _aeng
245 _aAbsorption in South-East
260 _c1994
350 _a0
490 _aProperty Week
_v48(9) 1 September 1994, 10(1)
520 _aThe level of occupied office space in London and the south east is forecast to fall over the next two years as companies continue to downsize according to Jones Lang Wootton`s "Property confidence review".
650 _aFORECASTS
650 _aOCCUPATION RATES
650 _aOFFICE SPACE
650 _aPROPERTY INTENTIONS
650 _aSUPPLY AND DEMAND
690 _aPROPERTY-COMMERCIAL PROPERTY
942 _n0
948 _c04/03/1997
999 _c23753
_d23753